00822nam a2200241 a 4500001001000000003000900010005001700019007001000036008003300046020001400079040002200093082002400115100002800139245009900167260004400266300002700310490002600337500006600363500005400429650003600483650003600519700002500555000044367DO-SdBNP20230427085755.0000044367101014s200u dr a 000 j spa d a945426443 aBPMSUbspacBPMSU 4aRD863.44bC712m2221 aCollins de Colado, Mary13aLa misteriosa islita del jardín /cMary Collins de Colado ; ilustraciones de Ramiro Manzano  aSanto Domingo :bEdiciones SM,c[200-?] a61 p. ;bil. :c19 cm.0 aEl barco de vapor,v1 aIncluye datos biográficos de la autora en la contracubierta aLa biblioteca posee la primera reimpresión 2012 4aCuentos infantiles dominicanos  4aLiteratura infantil dominicana 1 aManzano, Ramiroeil.